Statistics for All countries by two-letter country codes

Click here to take the quiz!

General Stats

  • This quiz has been taken 257 times
  • The average score is 156 of 196

Answers on the Map

Answers color-coded by a green-red scale on the quiz's map according to % correct below.
 

Answer Stats

Country% Correct
ca
96%
ch
96%
es
95%
fr
95%
us
95%
be
94%
ru
94%
au
93%
br
93%
de
93%
se
93%
al
92%
ar
92%
co
92%
gr
92%
it
92%
mx
92%
no
92%
pa
92%
sa
92%
so
92%
tr
92%
ua
92%
ba
91%
cr
91%
fi
91%
in
91%
ir
91%
sk
91%
sl
91%
ve
91%
bo
90%
cu
90%
ec
90%
gb
90%
li
90%
ma
90%
pe
90%
pl
90%
sr
90%
at
89%
cl
89%
et
89%
gy
89%
id
89%
la
89%
mn
89%
ne
89%
ni
89%
sn
89%
ye
89%
ag
88%
bh
88%
ci
88%
eg
88%
ge
88%
md
88%
me
88%
ml
88%
om
88%
ro
88%
bg
87%
bs
87%
cn
87%
ga
87%
jp
87%
nz
87%
pt
87%
tn
87%
ug
87%
cz
86%
dk
86%
er
86%
il
86%
iq
86%
ph
86%
uy
86%
af
85%
cm
85%
do
85%
ht
85%
ke
85%
kz
85%
na
85%
pk
85%
py
85%
sy
85%
bn
84%
bz
84%
hu
84%
jo
84%
lb
84%
ly
84%
mc
84%
mg
84%
mr
84%
my
84%
bi
83%
cd
83%
jm
83%
lt
83%
pg
83%
sd
83%
th
83%
vn
83%
bd
82%
bt
82%
gt
82%
mz
82%
ss
82%
tj
82%
gh
81%
ie
81%
is
81%
ki
81%
ng
81%
np
81%
sv
81%
tz
81%
uz
81%
am
80%
az
80%
hn
80%
nr
80%
sm
80%
st
80%
za
80%
bw
79%
gn
79%
kr
79%
nl
79%
qa
79%
tg
79%
to
79%
bf
78%
cy
78%
kg
78%
ls
78%
lu
78%
mt
78%
tm
78%
zm
78%
ae
77%
mu
77%
mw
77%
tw
77%
kw
76%
lv
76%
rw
76%
sc
76%
va
76%
cv
75%
dj
75%
mv
75%
ao
74%
dm
74%
fj
74%
gm
74%
ad
71%
tv
71%
zw
71%
tt
70%
mm
69%
sb
69%
sg
68%
bb
67%
lr
67%
cg
66%
sz
66%
hr
64%
fm
62%
kn
62%
vu
62%
ee
59%
tl
58%
lc
57%
gd
55%
mh
55%
kh
53%
rs
53%
by
52%
cf
52%
lk
51%
td
51%
vc
50%
dz
46%
mk
44%
km
43%
kp
43%
gq
41%
bj
39%
pw
39%
gw
35%
ws
30%
xk
26%

Score Distribution

Percentile by Number Answered

Percent of People with Each Score

Your Score History

You have not taken this quiz